College Quizbowl Stats
College Quizbowl Stats
Circuits
Seasons
Sets
Records
Detailed Stats
About
Loading...
Northeast
Tossups
Bonuses
Players
Teams
Categories (Tossup)
Categories (Bonus)
Mitchell Peran
Brandeis B
Categories
Category
Powers
Gets
Negs
BBs
Points
Earliest Buzz
Avg. Buzz
First Buzzes
Top 3 Buzzes
Fine Arts - Other Fine Arts
0
1
0
0
10
123
123.00
0
1
History - Other History
0
1
0
0
10
131
131.00
0
0
Current Events
0
0
1
0
-5
0.00
0
0
History - American History
0
0
1
0
-5
0.00
0
0
Buzzes
Category
Answer
Value
Buzz Position
Current Events
Tim Walz
-5
38
History - American History
Rhode Island
-5
73
Fine Arts - Other Fine Arts
Guys and Dolls
10
123
History - Other History
Babylon
10
131
Previous
1
Next